Botka László a Nemzeti Tudósképző Akadémia konferenciáján büszke vagyok arra, hogy Szeged, a tudomány városa, otthont ad ennek az eseménynek! /

Elmentve itt :
Bibliográfiai részletek
Szerző: Garai Szakács László
További közreműködők: Kuklis István
Dokumentumtípus: Cikk
Megjelent: 2025-11-24
Sorozat:Szeged.hu
Kulcsszavak:Rendezvénysorozat - Nobel-díjasok és Tehetséges Diákok Találkozója - 25., Nemzeti Tudósképző Akadémia - NTA, Tehetséggondozás, Életpályamodell - tudományos életpálya - természettudományok, Középiskolai diákok, Együttműködés - középiskolák, Rendezvény - plenáris ülés, Pick Aréna - Szeged, Botka László - polgármester, Bódis László - innovációért felelős helyettes államtitkár, Széll Márta - stratégiai rektorhelyettes, Hegyi Péter - NTA programigazgatója, Peter J. Ratcliffe - Nobel-díjas brit sejtbiológus - Oxford, Shahrokh Shariat - osztrák urológus professzor - Bécs, Kitüntetés, PhD-hallgató - Szathmári Benedek - Kiváló Szent-Györgyi Hallgató 2025, Szent-Györgyi Albert, Kutatás - fejlesztés - innováció
Online Access:http://univ.bibl.u-szeged.hu/76155
LEADER 01734nab a2200181 i 4500
001 univ76155
005 20251126090705.0
008 251125s2025 hu o 000 hun d
040 |a SZTE UnivHistória Repozitórium  |b hun 
041 |a hun 
100 2 |a Garai Szakács László 
245 1 0 |a Botka László a Nemzeti Tudósképző Akadémia konferenciáján  |h [elektronikus dokumentum] :  |b büszke vagyok arra, hogy Szeged, a tudomány városa, otthont ad ennek az eseménynek! /  |c  Garai Szakács László 
260 |c 2025-11-24 
490 0 |a Szeged.hu 
561 |a Egyetemi hirarchívum 
695 |a Rendezvénysorozat - Nobel-díjasok és Tehetséges Diákok Találkozója - 25., Nemzeti Tudósképző Akadémia - NTA, Tehetséggondozás, Életpályamodell - tudományos életpálya - természettudományok, Középiskolai diákok, Együttműködés - középiskolák, Rendezvény - plenáris ülés, Pick Aréna - Szeged, Botka László - polgármester, Bódis László - innovációért felelős helyettes államtitkár, Széll Márta - stratégiai rektorhelyettes, Hegyi Péter - NTA programigazgatója, Peter J. Ratcliffe - Nobel-díjas brit sejtbiológus - Oxford, Shahrokh Shariat - osztrák urológus professzor - Bécs, Kitüntetés, PhD-hallgató - Szathmári Benedek - Kiváló Szent-Györgyi Hallgató 2025, Szent-Györgyi Albert, Kutatás - fejlesztés - innováció 
700 0 1 |a Kuklis István 
856 4 0 |u http://univ.bibl.u-szeged.hu/76155/1/Szeged.hu%20-%20Botka%20L%C3%A1szl%C3%B3%20a%20Nemzeti%20Tud%C3%B3sk%C3%A9pz%C5%91%20Akad%C3%A9mia%20konferenci%C3%A1j%C3%A1n_%20B%C3%BCszke%20vagyok%20arra%2C%20hogy%20Szeged%2C%20a%20tudom%C3%A1ny%20v%C3%A1rosa%2C%20otthont%20ad%20ennek%20az%20esem%C3%A9nynek%21.pdf  |z Dokumentum-elérés